000 00579nam a2200229Ia 4500
003 OSt
005 20220918215156.0
006 a|||||r|||| 00| 0
007 ta
008 220917b |||||||| |||| 00| 0 eng d
024 _a140,322
037 _cTextual
040 _aARTS
_cARTS
_beng
041 _2eng
_aeng
082 _aY1:1-8:2:55, K0
100 _aInverarity R B
_9133436
245 0 _aIndiana university research center
260 _c1960
650 _aSOCIOLOGY
942 _hY1:1-8:2:55, K0
_cTEXL
_2CC
999 _c263298
_d263298